Quizzes
Events
Quiz Creation
Community
Videos
Private Events
Remove Ads
Sign In
Join for FREE
Feedback
Dark Mode
Quiz Categories
Sports
Geography
Music
Movies
Television
Just For Fun
Miscellaneous
History
Literature
Language
Science
Gaming
Entertainment
Religion
Holiday
For Kids
Quiz Lab
Recent
Popular Today
Quiz Kudos Today
Editor Picks
Curator Picks
Quizzes by...
Day
Popularity
Type
Ratings
Length
Year
Community
Subscriptions
Recent Discussions
Orange Saloon
Badges
Playlists
Quests
Create
Leaderboards
Showdown
Live 5
Trivia Bingo
Activity
Puzzle Library
Sporcle Events
Private Events
Virtual Trivia
Globe League
Become a Host
Pub Owners
SporcleCon
Opinionation
Our Games
Videos
Blog
Mobile Apps
Partnerships
Remove Ads and Go Orange
Feedback
Music
Pop Music
The Beatles
Song
Album
Lyrics
Bands
Singers
Artist
Clip
Rock
Rap
Classical
Billboard
Country Music
Kpop
Taylor Swift
Music
Pop Music
The Beatles
Song
Album
Lyrics
Bands
Singers
Artist
Clip
Rock
Rap
Classical
Billboard
Country Music
Kpop
Taylor Swift
Random Quiz
Search Sporcle
×
Quiz Lab
Quiz Lab
Music
Artist
Type in answers that appear in a list
Type in answers that appear in a list
Classic
Best Score? Go Orange.
80s Music (Top 50 Artists of 1984: My Point System) Stats
Can you name the 80s Music (Top 50 Artists of 1984: My Point System)?
By
scott_hbg
20m
50 Questions
297 Plays
297 Plays
297 Plays
Comments
Comments
Give Quiz Kudos
Give Quiz Kudos
-
- Ratings
hide this ad
Replay
Link that replays current quiz
Next Quiz
Link to next quiz in quiz playlist
You Got
0%
They Got
Avg Score
33%
Avg Friend Score
Upgrade to see
Score Distribution
Jump to the score distribution portion of the page
Score
0/50
Timer
20:00
0
Plays Today
Ranking/Type
Artist
% Correct
6. Solo-
F
Madonna
80.8%
2. Solo-
M
Prince
72.4%
40. Solo-
M
Jermaine Jackson
70.4%
11. Group
Duran Duran
69%
16. Group
Wham! U.K.
65.7%
3. Solo-
F
Cyndi Lauper
60.6%
13. Group
Van Halen
56.2%
9. Solo-
M
Bruce Springsteen
55.6%
25. Solo-
M
Elton John
53.5%
14. Group
Culture Club
52.9%
17. Solo-
M
Phil Collins
50.2%
41. Solo-
M
Billy Joel
49.8%
7. Solo-
M
Lionel Richie
47.8%
8. Group
Daryl Hall & John Oates
47.8%
12. Solo-
F
Tina Turner
46.8%
29. Solo-
M
Stevie Wonder
39.7%
43. Solo-
M
David Bowie
38.4%
10. Group
Chicago
37.4%
23. Group
Eurythmics
36%
44. Group
Go-Go's
34.3%
1. Group
Pointer Sisters
33.3%
4. Group
Huey Lewis & the News
32%
5. Group
The Cars
32%
19. Solo-
M
Billy Idol
32%
33. Solo-
M
Kenny Loggins
31.3%
Ranking/Type
Artist
% Correct
21. Solo-
F
Diana Ross
29.3%
20. Solo-
M
Billy Ocean
28.3%
18. Solo-
M
Rick Springfield
25.3%
27. Group
Kool & the Gang
24.9%
34. Group
Thompson Twins
24.9%
47. Solo-
M
Kenny Rogers
24.6%
48. Solo-
M
John Lennon
22.9%
22. Solo-
F
Sheena Easton
22.6%
42. Group
John Cafferty & the Beaver Brown Band
21.9%
24. Solo-
F
Laura Branigan
21.2%
30. Solo-
M
Ray Parker, Jr.
21.2%
49. Group
Survivor
17.8%
46. Solo-
F
Kim Carnes
16.8%
26. Solo-
M
Glenn Frey
16.2%
37. Solo-
M
John Waite
14.8%
38 Solo-
F
Sheila E.
14.8%
28. Group
The Jacksons
14.1%
32. Group
Night Ranger
12.5%
31. Group
New Edition
12.1%
39. Solo-
M
Rockwell
11.8%
15. Solo-
M
Steve Perry
11.4%
45. Group
Scandal featuring Patty Smyth
8.8%
35. Solo-
M
Dan Hartman
5.7%
36. Solo-
M
Julio Iglesias
5.7%
50. Solo-
M
Peabo Bryson
5.4%
Quiz Playlist
Details
Report
Send in Message
Add To Playlist
Classic:
Type in answers that appear in a list
Last Updated: Feb 16, 2017
Quiz Scoreboard
CHALLENGE
Sign Up to Join the Scoreboard
Show All
Scores
Hide
Comments
May contain spoilers
Recently Published
Movies - When Are They Set?
by FPL_Elf
Movies
5m
Popular People in 1961
by mucciniale
History
6m
1-10 Letter E Words III
by El_Dandy
Language
2m
More to Explore
Quiz From the Vault
Featured Blog Post
Where Did the Easter Bunny Come From?
hide this ad
You Might Also Like...
Tags
Artist Quiz
1980s
1984
point
System
Top 50
Today's Top Quizzes in Music
Browse Music
hide this ad
Today's Top Quizzes in Artist
Browse Artist
Top Contributed Quizzes in Music
1
Taylor Swift All Songs (2024)
2
2010s Album by Cover III
3
Guess the Artist- 70s Songs
4
One Thing in Common: Music
5
Taylor Swift Logic Puzzle
6
Guess the Taylor Swift song (Mystery Song)
7
2010s Album by Cover IV
8
2010s Album by Cover V
9
KPOP LOGIC QUIZ
10
Kpop Logic Quiz
Explore More
Trending Topics
Harry Potter
NBA
Anime
Disney
Marvel
Crossword
Kpop
Song
Puzzle
Soccer
The Office
Pokémon
WWE
Country
NFL
hide this ad
More By:
scott_hbg
Quiz
Plays
Rating
Category
Featured
Created
80's Music (Top 40 Hits That Contain a Girl's Name)
946
4.57
Music
Jan 24, 2012
80s Music (Opening Lyrics to My Personal Favorites: Part 1)
560
3.14
Music
Feb 1, 2012
80s Music (Opening Lyrics to My Personal Favorites: Part 2)
457
4.33
Music
Feb 2, 2012
80s Music (Top 100+ Songs of 1984: My Point System)
422
3.67
Music
Mar 30, 2012
80s Music (Top 50 Artists of 1984: My Point System)
297
3.00
Music
Mar 30, 2012
Go to Creator's Profile
Score Distribution
Quiz Creator Spotlight
scott_hbg
Follow
Send a Message
Quizzes Created
-
Created Quiz Play Count
-
More By This Creator
Popular Quizzes Today
1
Find the Countries of Europe - No Outlines Minefield
2
Find the US States - No Outlines Minefield
3
The Countries of the World
4
Popular People in 1961
5
US States
6
1-10 Letter E Words III
7
Find the US States
8
One Thing in Common: World Cities II
More Music Quizzes
K-pop idols with the same name (Part 1)
Quiz Lab
Trending Quizzes
Risky Map Clicking: Least Populous States A-Z
1-10 Letter F Words
1-10 Letter G Words
One Thing in Common: United Kingdom
Risky Map Clicking: Next State Alphabetically
Recently Updated
Leaping Animals
pecheneg
Reality TV Shows (A-Z)
bhenderson79
Rickey Henderson's Hall of Fame Teammates
pecheneg
Champions League XIs: Arsenal
pecheneg
Quick Pick: Celebrities in WWE's Hall of Fame
aduchscher
A-Z Keypad Blitz II
pecheneg
Multiple Oscar Actors
pecheneg
Mystery Phrase Blitz: Oscar 'Best Actors'
pecheneg
F. Scott Fitzgerald Novels
LTH
Pick 3 Villains
ddd62291
Trending Topics
Disney
NBA
Crossword
Marvel
Harry Potter
Kpop
Anime
Soccer
WWE
Pokémon
Song
Puzzle
NFL
The Office
Country
Your Account Isn't Verified!
In order to create a playlist on Sporcle, you need to verify the email address you used during registration. Go to your
Sporcle Settings
to finish the process.
Report this User
Report this user for behavior that violates our
Community Guidelines
.
Details:
Send Report
Go to the Sporcle.com Mobile Site →
Comments